<?xml version="1.0" encoding="UTF-8"?>
<record
    xmlns:xsi="http://www.w3.org/2001/XMLSchema-instance"
    xsi:schemaLocation="http://www.loc.gov/MARC21/slim http://www.loc.gov/standards/marcxml/schema/MARC21slim.xsd"
    xmlns="http://www.loc.gov/MARC21/slim">

  <leader>00843nam a2200217 a 4500</leader>
  <controlfield tag="001">78290</controlfield>
  <controlfield tag="003">BD-RjUL</controlfield>
  <controlfield tag="005">20211209083119.0</controlfield>
  <controlfield tag="008">210902s1968    ii ||||| |||| 00| 0 ben d</controlfield>
  <datafield tag="035" ind1=" " ind2=" ">
    <subfield code="a">(BD-RjUL)78516</subfield>
  </datafield>
  <datafield tag="040" ind1=" " ind2=" ">
    <subfield code="a">BD-RjUL</subfield>
    <subfield code="b">eng</subfield>
    <subfield code="c">BD-RjUL</subfield>
  </datafield>
  <datafield tag="041" ind1=" " ind2=" ">
    <subfield code="a">ben</subfield>
  </datafield>
  <datafield tag="082" ind1=" " ind2=" ">
    <subfield code="2">23</subfield>
    <subfield code="a">954.14035</subfield>
    <subfield code="b">GUB 1968</subfield>
  </datafield>
  <datafield tag="100" ind1=" " ind2=" ">
    <subfield code="a">&#x997;&#x9C1;&#x9AA;&#x9CD;&#x9A4;, &#x9B8;&#x9AE;&#x9C1;&#x9A6;&#x9CD;&#x9B0; </subfield>
    <subfield code="9">247374</subfield>
  </datafield>
  <datafield tag="245" ind1=" " ind2=" ">
    <subfield code="a">&#x9AC;&#x999;&#x9CD;&#x997; &#x9AD;&#x999;&#x9CD;&#x997; /</subfield>
    <subfield code="c">&#x9B8;&#x9AE;&#x9C1;&#x9A6;&#x9CD;&#x9B0; &#x997;&#x9C1;&#x9AA;&#x9CD;&#x9A4; </subfield>
  </datafield>
  <datafield tag="260" ind1=" " ind2=" ">
    <subfield code="a">&#x995;&#x9B2;&#x9BF;&#x995;&#x9BE;&#x9A4;&#x9BE; :</subfield>
    <subfield code="b">&#x986;&#x9A8;&#x9A8;&#x9CD;&#x9A6;&#x9A7;&#x9BE;&#x9B0;&#x9BE; &#x9AA;&#x9CD;&#x9B0;&#x995;&#x9BE;&#x9B6;&#x9A8;,</subfield>
    <subfield code="c">&#x9E7;&#x9EF;&#x9EC;&#x9EE;</subfield>
  </datafield>
  <datafield tag="300" ind1=" " ind2=" ">
    <subfield code="a">&#x9E9;&#x9EF;&#x9EB; &#x9AA;&#x9C3;.;</subfield>
    <subfield code="c">&#x9E8;&#x9E8; &#x9B8;&#x9C7;&#x9AE;&#x9BF;.</subfield>
  </datafield>
  <datafield tag="650" ind1=" " ind2=" ">
    <subfield code="a">&#x9AC;&#x9C7;&#x999;&#x9CD;&#x997;&#x9B2; (&#x987;&#x9A8;&#x9CD;&#x9A1;&#x9BF;&#x9AF;&#x9BC;&#x9BE;) </subfield>
    <subfield code="x">&#x9B9;&#x9BF;&#x9B8;&#x9CD;&#x99F;&#x9CD;&#x9B0;&#x9BF;</subfield>
    <subfield code="x">&#x9AA;&#x9BE;&#x9B0;&#x9CD;&#x99F;&#x9BF;&#x9B6;&#x9A8;, </subfield>
    <subfield code="y">&#x9E7;&#x9EF;&#x9E6;&#x9EB;</subfield>
    <subfield code="9">247375</subfield>
  </datafield>
  <datafield tag="650" ind1=" " ind2=" ">
    <subfield code="a">Bengal (India)  </subfield>
    <subfield code="x">History </subfield>
    <subfield code="x">Partition,</subfield>
    <subfield code="y">1905. </subfield>
    <subfield code="9">247376</subfield>
  </datafield>
  <datafield tag="942" ind1=" " ind2=" ">
    <subfield code="2">ddc</subfield>
    <subfield code="c">BK</subfield>
  </datafield>
  <datafield tag="999" ind1=" " ind2=" ">
    <subfield code="c">78290</subfield>
    <subfield code="d">78290</subfield>
  </datafield>
  <datafield tag="952" ind1=" " ind2=" ">
    <subfield code="0">0</subfield>
    <subfield code="1">0</subfield>
    <subfield code="2">ddc</subfield>
    <subfield code="4">0</subfield>
    <subfield code="7">1</subfield>
    <subfield code="8">NFIC</subfield>
    <subfield code="a">RUCL</subfield>
    <subfield code="b">RUCL</subfield>
    <subfield code="c">Reading</subfield>
    <subfield code="d">2021-09-05</subfield>
    <subfield code="e">India International</subfield>
    <subfield code="g">12.50</subfield>
    <subfield code="l">0</subfield>
    <subfield code="o">B 954.14035 GUB 1968</subfield>
    <subfield code="r">2021-09-05 00:00:00</subfield>
    <subfield code="t">C-1</subfield>
    <subfield code="w">2021-09-05</subfield>
    <subfield code="y">BK</subfield>
  </datafield>
</record>
